[Event "Dubrovnik Advent op"]
[Site "Dubrovnik"]
[Date "2023.12.01"]
[Round "2"]
[White "Pavkovic, Mario"]
[Black "Sitnic, Ahmed"]
[Result "0-1"]
[WhiteElo "2108"]
[BlackElo "1846"]
[PlyCount "84"]
[EventDate "2023.12.01"]
[EventType "swiss"]
[EventRounds "6"]
[EventCountry "CRO"]
[SourceTitle "CB49_2023"]
[SourceDate "2023.12.06"]
[SourceVersion "1"]
[SourceVersionDate "2023.12.06"]
[SourceQuality "1"]

1. Nf3 d5 2. d4 Nf6 3. c4 e6 4. g3 Be7 5. Bg2 0-0 6. Qc2 b6 7. 0-0 Bb7 8. Ne5 c6 9. b3 Nbd7 10. Bb2 Nxe5 11. dxe5 Nd7 12. e4 dxc4 13. Qxc4 Nc5 14. Qc3 Qd3 15. f4 Ba6 16. Qxd3 Nxd3 17. Ba3 Nb4 18. Bxb4 Bxb4 19. Rc1 Rfd8 20. Bf1 Bc5+ 21. Kg2 Bd4 22. Nc3 Bxc3 23. Rxc3 Rd2+ 24. Kf3 Bxf1 25. Rxf1 Rxh2 26. Rxc6 h5 27. Rd1 Rxa2 28. Rd7 Rb2 29. f5 Rxb3+ 30. Kf4 exf5 31. exf5 Rb4+ 32. Kf3 Re8 33. Rcc7 Rxe5 34. Rxf7 Rg4 35. Rxa7 Rb5 36. f6 Rf5+ 37. Kg2 Rfg5 38. Rfe7 Rxg3+ 39. Kh2 Rg2+ 40. Kh1 R2g4 41. f7+ Kh7 42. Re2 Rf5 0-1

[Event "CRO-chT3 West"]
[Site "Croatia"]
[Date "2011.04.10"]
[Round "6.21"]
[White "Pavkovic, Mario"]
[Black "Siljan, Milorad"]
[Result "1-0"]
[WhiteElo "2154"]
[BlackElo "2115"]
[PlyCount "81"]
[EventDate "2011.03.12"]
[EventType "team-tourn"]
[EventRounds "9"]
[EventCountry "CRO"]
[SourceTitle "EXT 2014"]
[Source "ChessBase"]
[SourceDate "2013.11.20"]
[SourceVersion "1"]
[SourceVersionDate "2013.11.20"]
[SourceQuality "1"]

1. e4 Nf6 2. e5 Nd5 3. d4 d6 4. c4 Nb6 5. f4 dxe5 6. fxe5 Nc6 7. Be3 Bf5 8. Nc3 e6 9. Nf3 Bg4 10. Qd2 Be7 11. 0-0-0 Bf5 12. Bd3 Na5 13. b3 Ba3+ 14. Kc2 Bxd3+ 15. Qxd3 Qe7 16. c5 Nc6 17. Kb1 Nb4 18. Qb5+ c6 19. Qa5 N6d5 20. Nxd5 Nxd5 21. Bd2 Bxc5 22. Qxc5 Qd7 23. Rhf1 b6 24. Qa3 h6 25. Rc1 a5 26. Rc2 Ne7 27. Rfc1 0-0 28. Re1 b5 29. Qc1 b4 30. Re4 a4 31. Bxb4 axb3 32. axb3 Rfb8 33. Bxe7 Qa7 34. Rb2 Rxb3 35. Kc2 Rxb2+ 36. Qxb2 Qxe7 37. Re3 c5 38. Ra3 Rc8 39. Rc3 Rc7 40. Qb6 Ra7 41. Qxc5 1-0

[Event "CRO-chT3 West"]
[Site "Croatia"]
[Date "2011.03.12"]
[Round "1.21"]
[White "Mandekic, Ivan"]
[Black "Pavkovic, Mario"]
[Result "1-0"]
[WhiteElo "2297"]
[BlackElo "2154"]
[PlyCount "119"]
[EventDate "2011.03.12"]
[EventType "team-tourn"]
[EventRounds "9"]
[EventCountry "CRO"]
[SourceTitle "EXT 2014"]
[Source "ChessBase"]
[SourceDate "2013.11.20"]
[SourceVersion "1"]
[SourceVersionDate "2013.11.20"]
[SourceQuality "1"]

1. c4 b6 2. Nf3 Bb7 3. g3 e6 4. Bg2 Nf6 5. 0-0 Be7 6. Nc3 d5 7. cxd5 Nxd5 8. d4 0-0 9. Qc2 Nd7 10. Nxd5 Bxd5 11. e4 Bb7 12. Rd1 c5 13. d5 exd5 14. exd5 Bf6 15. Bf4 Re8 16. h4 Ne5 17. Ng5 Ng6 18. Be3 Re5 19. Qb3 Qd6 20. Ne4 Qd8 21. Nxf6+ Qxf6 22. Bxc5 Re2 23. Bd4 Qd6 24. Re1 Re7 25. Bc3 Rd7 26. Rad1 Rad8 27. h5 Nf8 28. Bf3 Qb8 29. Qc4 Qd6 30. Qg4 Qh6 31. Bd2 Qd6 32. Bf4 Qb4 33. a3 Qc5 34. Be5 f5 35. Qxf5 Rf7 36. Qg5 Re8 37. Re3 Qc2 38. Rde1 h6 39. Qg4 Qf5 40. Qxf5 Rxf5 41. g4 Rf7 42. Bg2 Rd8 43. d6 Bxg2 44. Kxg2 Nd7 45. Bc3 Nf6 46. Bxf6 Rxf6 47. Re8+ Rf8 48. Rxd8 Rxd8 49. Re6 Kf7 50. Rg6 Rc8 51. Kf3 Rc2 52. b4 Rd2 53. Ke3 Rd5 54. Ke4 Rd2 55. f4 Rd1 56. b5 Rd2 57. f5 Ra2 58. Re6 Rd2 59. Ke5 Rc2 60. Re7+ 1-0

[Event "Zadar op-B 13th"]
[Site "Zadar"]
[Date "2006.12.14"]
[Round "5.3"]
[White "Pavkovic, Mario"]
[Black "Mihalj, M Miroslav"]
[Result "0-1"]
[WhiteElo "2200"]
[BlackElo "2298"]
[PlyCount "34"]
[EventDate "2006.12.11"]
[EventType "swiss"]
[EventRounds "9"]
[EventCountry "CRO"]
[SourceTitle "CBM 115 Extra"]
[Source "ChessBase"]
[SourceDate "2007.01.10"]
[SourceVersion "1"]
[SourceVersionDate "2007.01.10"]
[SourceQuality "1"]

1. d4 Nf6 2. Nf3 g6 3. Bg5 Bg7 4. e3 0-0 5. Bd3 c5 6. c3 b6 7. dxc5 bxc5 8. Bxf6 Bxf6 9. Be4 Nc6 10. Bxc6 dxc6 11. Nbd2 Ba6 12. Ne4 Qa5 13. Nfd2 Rfd8 14. Qf3 Rab8 15. Nxf6+ exf6 16. b3 Qxc3 17. Rd1 Rd6 0-1

[Event "Omis op"]
[Site "Omis"]
[Date "2006.10.05"]
[Round "3"]
[White "Kamenecki, Stjepan"]
[Black "Pavkovic, Mario"]
[Result "0-1"]
[WhiteElo "1932"]
[BlackElo "2200"]
[PlyCount "98"]
[EventDate "2006.10.04"]
[EventType "swiss"]
[EventRounds "7"]
[EventCountry "CRO"]
[SourceTitle "CBM 114 Extra"]
[Source "ChessBase"]
[SourceDate "2006.11.03"]
[SourceVersion "1"]
[SourceVersionDate "2006.11.03"]
[SourceQuality "1"]

1. e4 d6 2. d4 Nf6 3. Nc3 g6 4. Be2 Bg7 5. f4 c5 6. dxc5 Qa5 7. Bf3 Qxc5 8. Qd3 0-0 9. Be3 Qa5 10. Qb5 Qc7 11. Nge2 Bd7 12. Qb3 Nc6 13. 0-0 Na5 14. Qb4 Nc4 15. Bd4 a5 16. Qb3 e5 17. Bf2 Nd2 18. Qa3 Nxf1 19. Rxf1 b5 20. Qb3 b4 21. Na4 Bxa4 22. Qxa4 Rfc8 23. fxe5 dxe5 24. c3 Rab8 25. Rc1 Bh6 26. Rd1 bxc3 27. bxc3 Rb2 28. Qa3 Rd2 29. Re1 Rb8 30. Qa4 Rbb2 31. a3 Bf8 32. Be3 Bc5 33. Nd4 exd4 34. cxd4 Bb6 35. e5 Qd7 36. Qc4 Ng4 37. Bxd2 Rxd2 38. h3 Bxd4+ 39. Kh1 Nxe5 40. Qb3 Nd3 41. Qb8+ Kg7 42. Re8 Bc5 43. Rg8+ Kh6 44. Rd8 Nf2+ 45. Kg1 Qxd8 46. Qf4+ Qg5 47. Qxf7 Nxh3+ 48. Kh2 Nf2 49. g3 Ng4+ 0-1

[Event "CRO-chT 15th"]
[Site "Sibenik"]
[Date "2006.09.28"]
[Round "7"]
[White "Pavkovic, Mario"]
[Black "Ciganovic, Nikola"]
[Result "0-1"]
[WhiteElo "2200"]
[BlackElo "2258"]
[PlyCount "92"]
[EventDate "2006.09.22"]
[EventType "team"]
[EventRounds "11"]
[EventCountry "CRO"]
[SourceTitle "CBM 114 Extra"]
[Source "ChessBase"]
[SourceDate "2006.11.03"]
[SourceVersion "1"]
[SourceVersionDate "2006.11.03"]
[SourceQuality "1"]

1. e4 e5 2. Nf3 Nc6 3. Bb5 a6 4. Bxc6 dxc6 5. d3 Bc5 6. 0-0 Bg4 7. Nbd2 Qf6 8. Rb1 Ne7 9. b4 Bd4 10. Qe1 Ba7 11. Bb2 Ng6 12. Kh1 Qe6 13. d4 f6 14. c4 Bxf3 15. Nxf3 Bxd4 16. Nxd4 exd4 17. Bxd4 Qxc4 18. Qe3 0-0 19. Qb3 Qxb3 20. Rxb3 Rfe8 21. f3 Rad8 22. Rd1 Rd7 23. Rbd3 Red8 24. R3d2 Kf7 25. Kg1 Ke6 26. Kf2 Ne5 27. Bc3 Rxd2+ 28. Rxd2 Rxd2+ 29. Bxd2 c5 30. bxc5 Nd3+ 31. Ke3 Nxc5 32. Kd4 Na4 33. g4 c5+ 34. Kd3 b5 35. f4 b4 36. Kc4 Kd6 37. Kd3 a5 38. Kc4 Kc6 39. Be3 Nb6+ 40. Kd3 c4+ 41. Kd4 Kb5 42. h4 Na4 43. g5 b3 44. axb3 cxb3 45. Kd3 b2 46. Kc2 Nc3 0-1

[Event "CRO-chT 15th"]
[Site "Sibenik"]
[Date "2006.09.24"]
[Round "3"]
[White "Pavkovic, Mario"]
[Black "Zelic, Mladen"]
[Result "1-0"]
[WhiteElo "2200"]
[BlackElo "2274"]
[PlyCount "107"]
[EventDate "2006.09.22"]
[EventType "team"]
[EventRounds "11"]
[EventCountry "CRO"]
[SourceTitle "CBM 114 Extra"]
[Source "ChessBase"]
[SourceDate "2006.11.03"]
[SourceVersion "1"]
[SourceVersionDate "2006.11.03"]
[SourceQuality "1"]

1. e4 e5 2. Nf3 Nc6 3. Bb5 f5 4. Nc3 fxe4 5. Nxe4 Nf6 6. Nxf6+ Qxf6 7. Qe2 Be7 8. Bxc6 dxc6 9. Nxe5 Bf5 10. 0-0 0-0-0 11. d3 g5 12. Bd2 Rhe8 13. Rae1 Bd6 14. Bc3 Qh6 15. Qf3 Rf8 16. Qe3 Kb8 17. Bd4 a6 18. Bc5 Rde8 19. Qd4 Rd8 20. Bxd6 Rxd6 21. Qb4 Be6 22. Re2 Rf4 23. Re4 Bd5 24. Rxf4 gxf4 25. f3 Qg5 26. Re1 b6 27. c4 c5 28. Qd2 Bg8 29. Re4 Re6 30. Qe2 Kb7 31. Ng4 Rd6 32. Re8 h5 33. Ne5 Bh7 34. Nf7 Qf6 35. Nxd6+ Qxd6 36. Qe5 Bxd3 37. Qxd6 cxd6 38. b3 Bb1 39. Re2 Kc6 40. Kf2 b5 41. Rd2 Bg6 42. Ke2 b4 43. Rd5 a5 44. Kd2 a4 45. Kc1 a3 46. Rg5 Bf7 47. Rf5 Be6 48. Rxh5 d5 49. cxd5+ Bxd5 50. Rxd5 Kxd5 51. g4 Kd4 52. g5 Ke5 53. Kc2 Kf5 54. h4 1-0

[Event "Bosnjaci op-B 12th"]
[Site "Bosnjaci"]
[Date "2006.01.06"]
[Round "6"]
[White "Pavkovic, Mario"]
[Black "Bobanac, Miro"]
[Result "0-1"]
[WhiteElo "2191"]
[BlackElo "2290"]
[PlyCount "114"]
[EventDate "2006.01.03"]
[EventType "swiss"]
[EventRounds "9"]
[EventCountry "CRO"]
[SourceTitle "CBM 110 Extra"]
[Source "ChessBase"]
[SourceDate "2006.03.10"]
[SourceVersion "2"]
[SourceVersionDate "2006.03.10"]
[SourceQuality "1"]

1. e4 Nf6 2. e5 Nd5 3. d4 d6 4. c4 Nb6 5. exd6 cxd6 6. Nc3 g6 7. Nf3 Bg7 8. Be2 Bg4 9. Be3 Nc6 10. h3 Bxf3 11. Bxf3 Nxc4 12. Bxc6+ bxc6 13. Qa4 Nb6 14. Qxc6+ Qd7 15. Qf3 d5 16. 0-0 0-0 17. a4 e6 18. b3 Nc8 19. a5 Rb8 20. Na4 Rb4 21. Nc5 Qd8 22. Rfd1 Nd6 23. a6 Qe7 24. Ra4 Rfb8 25. Bf4 Rxa4 26. bxa4 Rb4 27. Qc3 Rc4 28. Qb2 e5 29. Bxe5 Bxe5 30. dxe5 Rxc5 31. exd6 Qxd6 32. Re1 d4 33. g3 Kg7 34. Qb7 Rc7 35. Qe4 Rd7 36. Qe5+ Qxe5 37. Rxe5 Kf6 38. Re1 Rd6 39. Rd1 Ke5 40. Kf1 Rxa6 41. Re1+ Kd6 42. Ra1 Kd5 43. Ke2 Rb6 44. Ra2 Rb3 45. a5 a6 46. Kd2 f5 47. Rc2 Ra3 48. Rc7 Rxa5 49. Rxh7 Ra2+ 50. Kd3 Rxf2 51. Rd7+ Ke5 52. Re7+ Kf6 53. Rc7 Rf3+ 54. Kxd4 Rxg3 55. Rc6+ Kg5 56. h4+ Kxh4 57. Ke5 Kg5 0-1

[Event "CRO-chT U20 14th"]
[Site "Sv Filip i Jakov"]
[Date "2005.03.31"]
[Round "4"]
[White "Lulic, Igor"]
[Black "Pavkovic, Mario"]
[Result "0-1"]
[WhiteElo "2043"]
[BlackElo "2206"]
[PlyCount "98"]
[EventDate "2005.03.29"]
[EventType "team-tourn"]
[EventRounds "7"]
[EventCountry "CRO"]
[SourceTitle "CBM 105 Extra"]
[Source "ChessBase"]
[SourceDate "2005.05.01"]
[SourceVersion "1"]
[SourceVersionDate "2005.05.01"]
[SourceQuality "1"]

1. e4 b6 2. d4 Bb7 3. Bd3 e6 4. Nf3 c5 5. c3 Nf6 6. Qe2 Nc6 7. a3 Na5 8. Nbd2 c4 9. Bc2 Be7 10. 0-0 Qc7 11. Re1 0-0 12. e5 Nd5 13. Ne4 f5 14. exf6 Nxf6 15. Nxf6+ Bxf6 16. Ng5 h6 17. Nh7 Nb3 18. Bxb3 cxb3 19. Nxf8 Rxf8 20. Qg4 Kh7 21. Bf4 Qc6 22. Re3 Be7 23. Rg3 g5 24. Be5 Rf5 25. Rd1 Qd5 26. Qh5 Qe4 27. Qe8 Bf8 28. Qxd7+ Kg8 29. Qxe6+ Rf7 30. Qxb3 Bd5 31. c4 Qe2 32. Qd3 Qxf2+ 33. Kh1 Be4 34. Qe3 Bxg2+ 35. Rxg2 Qxe3 36. Rdg1 Qd3 37. h4 Be7 38. Rg3 Qe4+ 39. R3g2 Qxh4+ 40. Rh2 Qe4+ 41. Rhg2 Qd3 42. Rh2 Kh7 43. Rhg2 Qxc4 44. Re1 Rf1+ 45. Rxf1 Qxf1+ 46. Kh2 Bf6 47. Bxf6 Qf4+ 48. Rg3 Qxf6 49. d5 Qxb2+ 0-1

[Event "CRO-chT U20 13th"]
[Site "Rabac"]
[Date "2004.09.09"]
[Round "5"]
[White "Pavic, Jakov"]
[Black "Pavkovic, Mario"]
[Result "1/2-1/2"]
[WhiteElo "2020"]
[BlackElo "2200"]
[PlyCount "61"]
[EventDate "2004.09.05"]
[EventType "team-tourn"]
[EventRounds "9"]
[EventCountry "CRO"]
[SourceTitle "CBM 102 Extra"]
[Source "ChessBase"]
[SourceDate "2004.11.03"]
[SourceVersion "1"]
[SourceVersionDate "2004.11.03"]
[SourceQuality "1"]

1. d4 b6 2. c4 Bb7 3. Nc3 e6 4. e4 Bb4 5. d5 c6 6. g3 Nf6 7. Bg2 cxd5 8. cxd5 0-0 9. Nge2 Na6 10. 0-0 Rc8 11. a3 Bxc3 12. Nxc3 exd5 13. exd5 Nc5 14. b4 Na6 15. Bb2 Ne8 16. Nb5 Nac7 17. Nxc7 Qxc7 18. Rc1 Qb8 19. Qg4 Rxc1 20. Rxc1 Qd6 21. Qf5 f6 22. Qf4 Qxf4 23. gxf4 Nd6 24. Rc7 Re8 25. Rxd7 Re1+ 26. Bf1 Bc8 27. Rd8+ Kf7 28. Kg2 Ke7 29. Rg8 Kf7 30. Rd8 Ke7 31. Rg8 1/2-1/2

[Event "CRO-ch U19"]
[Site "Rabac"]
[Date "2003.??.??"]
[Round "1"]
[White "Jerbic, Vedran"]
[Black "Pavkovic, Mario"]
[Result "1-0"]
[WhiteElo "2036"]
[BlackElo "2197"]
[PlyCount "109"]
[EventDate "2003.??.??"]
[EventType "swiss"]
[EventRounds "9"]
[EventCountry "CRO"]
[SourceTitle "EXT 2005"]
[Source "ChessBase"]
[SourceDate "2004.11.15"]
[SourceVersion "1"]
[SourceVersionDate "2004.11.15"]
[SourceQuality "1"]

1. d4 b6 2. Nf3 Bb7 3. g3 e6 4. Bg2 Nf6 5. 0-0 Be7 6. c4 0-0 7. Nc3 d5 8. cxd5 Nxd5 9. Nxd5 Bxd5 10. Bf4 c5 11. a3 cxd4 12. Nxd4 Bxg2 13. Kxg2 Bf6 14. Be3 Qd5+ 15. Nf3 Qxd1 16. Rfxd1 Bxb2 17. Ra2 Bf6 18. Bg5 Nc6 19. Bxf6 gxf6 20. Rc2 Nb8 21. Nd2 Rd8 22. Rcc1 Na6 23. Ne4 f5 24. Nf6+ Kg7 25. Nh5+ Kf8 26. Nf6 Ke7 27. Rxd8 Rxd8 28. Nh5 Rd2 29. Rc4 Nc5 30. Nf4 e5 31. Nd3 Nxd3 32. exd3 Rxd3 33. Rc7+ Rd7 34. Rc6 Kd8 35. Rh6 Rd3 36. Rxh7 Ke7 37. Rh5 Kf6 38. Rh6+ Kg7 39. Rh5 Kg6 40. Rh8 Rxa3 41. Rg8+ Kh6 42. h4 Rb3 43. Rg5 a5 44. Rxf5 Kg6 45. Rxe5 a4 46. Re7 b5 47. Ra7 a3 48. g4 b4 49. Ra6+ Kg7 50. g5 Rb2 51. h5 a2 52. h6+ Kh7 53. Ra7 b3 54. Rxf7+ Kh8 55. g6 1-0

[Event "CRO-ch U19"]
[Site "Rabac"]
[Date "2003.??.??"]
[Round "2"]
[White "Pavkovic, Mario"]
[Black "Augusta, Domagoj"]
[Result "1-0"]
[WhiteElo "2197"]
[BlackElo "2108"]
[PlyCount "71"]
[EventDate "2003.??.??"]
[EventType "swiss"]
[EventRounds "9"]
[EventCountry "CRO"]
[SourceTitle "EXT 2005"]
[Source "ChessBase"]
[SourceDate "2004.11.15"]
[SourceVersion "1"]
[SourceVersionDate "2004.11.15"]
[SourceQuality "1"]

1. e4 c5 2. Nf3 e6 3. c3 d5 4. exd5 exd5 5. d4 Nc6 6. Be2 Nf6 7. 0-0 cxd4 8. cxd4 Be7 9. Nc3 0-0 10. Bg5 h6 11. Bh4 Bf5 12. Re1 Ne4 13. Bxe7 Nxe7 14. Qb3 b6 15. Rac1 Nxc3 16. Rxc3 Qd6 17. Ne5 Rac8 18. Bf3 Rxc3 19. bxc3 Be6 20. g4 Rc8 21. Re3 Nc6 22. Qd1 Na5 23. Qe2 Qa3 24. Ng6 Rxc3 25. Rxe6 Rxf3 26. Re8+ Kh7 27. Nf8+ Kg8 28. Ng6+ Kh7 29. Ne5 Rf4 30. Qc2+ g6 31. Qc8 Qd6 32. Rh8+ Kg7 33. Qg8+ Kf6 34. Qxf7+ Kg5 35. h4+ Kxh4 36. Qxf4 1-0

[Event "CRO-chT U20 12th"]
[Site "Rabac"]
[Date "2003.??.??"]
[Round "7"]
[White "Pavkovic, Mario"]
[Black "Saulic, Vjekoslav"]
[Result "1/2-1/2"]
[WhiteElo "2197"]
[BlackElo "2118"]
[PlyCount "51"]
[EventDate "2003.??.??"]
[EventType "team-tourn"]
[EventRounds "9"]
[EventCountry "CRO"]
[SourceTitle "EXT 2005"]
[Source "ChessBase"]
[SourceDate "2004.11.15"]
[SourceVersion "1"]
[SourceVersionDate "2004.11.15"]
[SourceQuality "1"]

1. e4 e5 2. Nf3 Nc6 3. c3 Nf6 4. d3 Be7 5. Be2 0-0 6. 0-0 Re8 7. Nbd2 Bf8 8. Re1 d5 9. Qc2 a5 10. Nf1 h6 11. Bd2 b6 12. Rad1 Bb7 13. Ng3 Qd7 14. h3 Rad8 15. Nh2 dxe4 16. dxe4 Qe6 17. b3 g6 18. Bc4 Qe7 19. Re3 Bg7 20. Rf3 Rf8 21. Re1 Kh7 22. Nhf1 Rd7 23. Ne3 Nd8 24. Nef5 gxf5 25. Nxf5 Qc5 26. Nxg7 1/2-1/2